| 000 | 00507nam a2200193Ia 4500 | ||
|---|---|---|---|
| 005 | 20260429112222.0 | ||
| 008 | 260429s9999||||xx |||||||||||||| ||und|| | ||
| 020 | _a9789391771850 | ||
| 041 | _aEnglish | ||
| 082 |
_a370 _bMRI |
||
| 100 | _aMridha, Debashis | ||
| 245 | 0 |
_aInnovation in education / _cDebashis Mridha |
|
| 260 |
_aNew Delhi : _bCrescent Publishing, _c2024. |
||
| 300 | _axvii, 343 p.; hb | ||
| 650 | _a Innovation | ||
| 650 | _aEducation | ||
| 700 | _a Bera, Subhashree | ||
| 942 | _cTB | ||
| 999 |
_c52957 _d52957 |
||